Statistiques concernant Pays asiatiques par les deux premières lettres

Cliquez ici pour prendre le quiz!

Statistiques générales

  • Ce quiz a été pris 38 876 fois
  • Le résultat moyen est 35 sur 48

Réponses sur la Carte

Les réponses sont colorées sur une échelle allant du rouge au vert en fonction du pourcentage des utilisateurs qui les ont devinées à leur premier essai. Vous pouvez retrouver ces pourcentages ci-dessous.
Chargement ...
 

Statistiques - réponses

Pays% Correct
Chine
99%
Chypre
99%
Inde
98%
Indonésie
98%
Arabie Saoudite
91%
Arménie
91%
Japon
91%
Turkménistan
90%
Turquie
90%
Mongolie
89%
Irak
84%
Iran
84%
Corée du Nord
83%
Corée du Sud
83%
Kazakhstan
83%
Pakistan
80%
Thaïlande
77%
Yémen
77%
Viêt Nam
76%
Oman
74%
Laos
73%
Tadjikistan
73%
Taïwan
73%
Afghanistan
72%
Népal
72%
Bahreïn
70%
Bangladesh
70%
Malaisie
69%
Maldives
69%
Ouzbékistan
69%
Cambodge
68%
Émirats arabes unis
67%
Israël
67%
Philippines
67%
Birmanie
64%
Syrie
64%
Kirghizistan
63%
Jordanie
61%
Sri Lanka
61%
Qatar
60%
Liban
58%
Azerbaïdjan
57%
Géorgie
54%
Bhoutan
53%
Koweït
51%
Singapour
42%
Brunei
33%
Timor oriental
32%

Distribution des résultats

Percentile par nombre de réponses

% des personnes avec chaque résultat

Votre développement - résultats

Vous n’avez pas pris ce quiz